Open Data Biblioteca Nacional de Portugal


República Portuguesa: Ministério da Cultura
Biblioteca Nacional de Portugal

Catálogo da BNP: acesso por Identificadores Unívocos
Registos Bibliográficos associados ao registo de autoridade

Etiqueta de registo: 00830cam 2200253 450
001 481500
003 http://id.bnportugal.gov.pt/bib/catbnp/481500
005 19990101000000.0
095 ## $aPTBN00684286
100 ## $a19950113d1994 m y0pory0103 ba
101 0# $apor
102 ## $aPT
105 ## $ay z 101yy
106 ## $ar
200 1# $aI Congresso dos Quadros Caboverdeanos da Diáspora$econclusões$forg. Associação Caboverdiana... [et al.]
210 #9 $aLisboa$cA.C.,$d1994
215 ## $a21 p.$d21 cm
607 ## $aCabo Verde$xEmigração$xCongressos$x [ Programas]$2SIPOR$3166588
675 ## $a314.7(665.8)(087.93)$vBN$zpor$3567077
710 12 $aCongresso dos Quadros Caboverdeanos da Diáspora,$d1,$eLisboa,$f1994$31104325
712 02 $aAssociação Caboverdiana de Lisboa$4557$3163433
801 #0 $aPT$bBN$gRPC
966 ## $c2$lBN$mFGMON$sS.C. 71779 V.$x1
966 ## $c2$lBN$mFGMON$sS.C. 71779 V.$x1

Etiqueta de registo: 00000nkm 2200025 450
001 2261795
003 http://id.bnportugal.gov.pt/bib/catbnp/2261795
100 ## $a20260205f19801982m y0pory01030103ba
101 0# $apor
102 ## $aPT
200 1# $a O não alinhamento em debate, 25, nov.$bVisual gráfico]$fAssociação de Caboverdeanos$gCIDAC
210 #9 $a[Lisboa]$cAssociação de Caboverdeanos,$d[entre 1980 e 1982]
215 ## $a1 cartaz$ccolor.$d59,6x42,2 cm
303 ## $aEvento no âmbito do lançamento do livro "O não-alinhamento" de Luís Moita, publicado em 1982
306 ## $aDatação atribuída em conformidade com o acontecimento anunciado
317 ## $aColeção Madeira Luís
675 ## $a766(=1:469)"198"(084.5)$vBN$zpor$31302430
710 02 $aAssociação Caboverdiana de Lisboa$3163433
712 02 $aCentro de Informação e Documentação Amílcar Cabral$4557$338499
801 #0 $aPT$bBN$gRPC
966 ## $lBN$mICONOG$sCT. 19792 A.$x3
971 ## $cCaticonografia7$d20260205
972 ## $d20260305$e1$v fpinelo$z0
995 ## $aPRR2026 $d20260205$iCaticonografia7

OpendataBNP@bnportugal.pt | Mais informação sobre acesso aos dados BNP